ბათუმის შოთა რუსთაველის სახელმწიფო უნივერსიტეტის ბიბლიოთეკა

მხოლოდ სიყვარული (ბიბ.ჩანაწერი № 50217)

000 -LEADER
fixed length control field 00693nam a2200229Ia 4500
001 - CONTROL NUMBER
control field 17155
003 - CONTROL NUMBER IDENTIFIER
control field GE_BSU
008 - FIXED-LENGTH DATA ELEMENTS--GENERAL INFORMATION
fixed length control field 181216s||||||||xx |||||||||||||| ||und||
040 ## - CATALOGING SOURCE
Transcribing agency GE_BSU
080 ## - UNIVERSAL DECIMAL CLASSIFICATION NUMBER
Universal Decimal Classification number 821.353.1-1
100 ## - MAIN ENTRY--PERSONAL NAME
Personal name გრიშაშვილი, ი. (იოსებ)
245 ## - TITLE STATEMENT
Title მხოლოდ სიყვარული
245 ## - TITLE STATEMENT
Remainder of title ლირიკა
245 ## - TITLE STATEMENT
Statement of responsibility, etc. რედ.გრ. ჩიქოვანი
260 ## - PUBLICATION, DISTRIBUTION, ETC.
Place of publication, distribution, etc. თბილისი
260 ## - PUBLICATION, DISTRIBUTION, ETC.
Name of publisher, distributor, etc. საბჭ. მწერალი
260 ## - PUBLICATION, DISTRIBUTION, ETC.
Date of publication, distribution, etc. 1958
300 ## - PHYSICAL DESCRIPTION
Extent 109 გვ. ; 20 სმ.
653 ## - INDEX TERM--UNCONTROLLED
Uncontrolled term ლირიკა
653 ## - INDEX TERM--UNCONTROLLED
Uncontrolled term მხოლოდ სიყვარული
942 ## - ADDED ENTRY ELEMENTS (KOHA)
Koha item type წიგნი
ეგზემპლარები
Withdrawn status Lost status Damaged status Not for loan Date acquired Barcode Date last seen Price effective from Koha item type
        2018-12-17 21753 2018-12-17 2018-12-17 წიგნი